Salmond on Jurisprudence (Record no. 6400)

MARC details
000 -LEADER
fixed length control field 00407nam a22001817a 4500
005 - DATE AND TIME OF LATEST TRANSACTION
control field 20210904102408.0
008 - FIXED-LENGTH DATA ELEMENTS--GENERAL INFORMATION
fixed length control field 200521b xxu||||| |||| 00| 0 eng d
020 ## - INTERNATIONAL STANDARD BOOK NUMBER
ISBN 9789384746964
041 ## - LANGUAGE CODE
Language code of text/sound track or separate title eng
082 ## - DEWEY DECIMAL CLASSIFICATION NUMBER
Classification number 340 FIT
100 ## - MAIN ENTRY--AUTHOR NAME
Personal name Fitzgerald , P J
245 ## - TITLE STATEMENT
Title Salmond on Jurisprudence
250 ## - EDITION STATEMENT
Edition statement 12'th ed
260 ## - PUBLICATION, DISTRIBUTION, ETC. (IMPRINT)
Place of publication New Delhi
300 ## - PHYSICAL DESCRIPTION
Number of Pages 481p.
650 ## - SUBJECT ADDED ENTRY--TOPICAL TERM
Topical Term LAW
942 ## - ADDED ENTRY ELEMENTS (KOHA)
Koha item type Books
Holdings
Lost status Damaged status Collection code Home library Current library Shelving location Date acquired Source of acquisition Cost, normal purchase price Full call number Accession Number Koha item type
    Reference JRU Library JRU Library SHELF-1-A 02/06/2020 PURCHASE 475.00 340 FIT 24267 Books
    LAW JRU Library JRU Library SHELF-30-B 02/06/2020 PURCHASE 475.00 340 FIT 24268 Books
    LAW JRU Library JRU Library SHELF-30-B 02/06/2020 PURCHASE 475.00 340 FIT 24269 Books
    LAW JRU Library JRU Library SHELF-30-B 02/06/2020 PURCHASE 475.00 340 FIT 24270 Books
    LAW JRU Library JRU Library SHELF-30-B 02/06/2020 PURCHASE 475.00 340 FIT 24271 Books